Nové trendy v oblasti HW a SW algoritmů v IT

Rozdelenie algoritmov na ktorých prakticky závisí celá oblasť informačných technológií. Verzie algoritmov, ktoré sa používajú alebo sú navrhnuté pre implementáciu v počítači. Optimálne algoritmy pre softverové i hardverové realizácie. Výber ilustrujúci nové postupy.

Salvato in:
Dettagli Bibliografici
Autore principale: Drábek, Vladimír
Natura: Capitolo di libro
Lingua:ceco
Soggetti:
Tags: Aggiungi Tag
Nessun Tag, puoi essere il primo ad aggiungerne!!

MARC

LEADER 00000nla$a2200000$$$4500
001 0128887
005 20221128083528.5
041 0 |a cze 
044 |a SK 
245 1 0 |a Nové trendy v oblasti HW a SW algoritmů v IT  |c Vladimír Drábek 
520 |a Rozdelenie algoritmov na ktorých prakticky závisí celá oblasť informačných technológií. Verzie algoritmov, ktoré sa používajú alebo sú navrhnuté pre implementáciu v počítači. Optimálne algoritmy pre softverové i hardverové realizácie. Výber ilustrujúci nové postupy. 
610 2 0 |a algoritmy 
610 2 0 |a inžinierstvo informačné 
610 2 0 |a kybernetika matematická 
610 2 0 |a modelovanie systémov riadiacich 
610 2 0 |a syntéza systémov 
610 2 0 |a technológie informačné 
610 2 0 |a hardvér 
610 2 0 |a softvér 
610 2 0 |a počítače 
100 1 |a Drábek, Vladimír